000 01312nam a2200289 i 4500
001 68570
003 ES-MaACL
005 20240419183717.0
007 t|
008 931025s1858 sp ||||1| spa d
080 _a061.22(460.27 M.)
080 _a34:001.89
110 2 _aAcademia Matritense de Jurisprudencia y Legislación.
_91204
245 1 0 _aActa de la sesión inaugural de la Academia Matritense de Jurisprudencia y Legislación celebrada el día 12 de noviembre de 1858.
260 _aMadrid :
_bAcademia Matritense de Jurisprudencia y Legislación,
_c1858 (
_fImp. y Fundición de E. Aguado)
300 _a36 p. ;
_c27 cm.
490 1 _aActas de la Academia Matritense de Jurisprudencia y Legislación
505 8 _aContiene: Influencia del carácter del siglo XIX en el estudio del derecho / discurso leído por Joaquín Francisco Pacheco
530 _aDisponible en formato digital.
650 4 _aDerecho-
_xInvestigación.
_9171665
700 1 _aPacheco, Joaquín Francisco,
_d1808-1865
_988121
830 0 _aActas de la Academia Matritense de Jurisprudencia y Legislación.
_9150797
852 4 _aES-MaACL
_jT-53-F-5
852 4 _aES-MaACL
_jT-64-F-13
856 4 _uhttp://bdh-rd.bne.es/viewer.vm?id=0000255772&page=1
_zBiblioteca Digital Hispánica
999 _c68570
_d68570